Japan and the pacific region

Gespeichert in:
Bibliographische Detailangaben
1. Verfasser: Hernádi, András
Format: Buch
Sprache:Englisch
Veröffentlicht: Budapest Hungarian Scientific Council for World Economy 1982
Tags: Tag hinzufügen
Keine Tags, Fügen Sie das erste Tag hinzu!

MARC

LEADER 00000nam a2200000 4500
001 c129318
005 20041019155246.0
041 0 |a eng 
044 |a HU 
245 1 0 |a Japan and the pacific region  |c András Hernádi 
264 1 |a Budapest  |b Hungarian Scientific Council for World Economy  |c 1982 
300 |a 87 s. 
100 1 |a Hernádi, András